header

Valuing quality in early childhood services (Record no. 13843)

MARC details
000 -LEADER
fixed length control field 01216nam a2200301Ia 4500
245 00 - TITLE STATEMENT
Title Valuing quality in early childhood services
260 ## - PUBLICATION, DISTRIBUTION, ETC. (IMPRINT)
Place of publication London :
Name of publisher P. Chapman,
Year of publication c1994.
300 ## - PHYSICAL DESCRIPTION
Number of Pages viii, 183 p. :
Other physical details ill.
650 #0 - SUBJECT ADDED ENTRY--TOPICAL TERM
Topical Term Child care services
Topical Term Early childhood education
Topical Term Day care centers
700 1# - ADDED ENTRY--PERSONAL NAME
Personal name Pence, Alan R.,
Personal name Moss, Peter,
856 40 - ELECTRONIC LOCATION AND ACCESS
Uniform Resource Identifier http://site.ebrary.com/lib/rucke/Doc?id=10682724

No items available.

© 2026 Rongo University
Contact us: librarian | system librarian | Rongo university